| 000 | 00582cam a22002054a 4500 | ||
|---|---|---|---|
| 008 | 000428s2001 pau b 001 0 eng c | ||
| 020 | _a0721682162 (pbk.) | ||
| 050 | 0 | 0 |
_aRT41 _b.C7787 2001 |
| 082 | 0 | 0 | _a610.73 |
| 100 | 1 | _aCooper, Carolyn, | |
| 245 | 1 | 4 |
_aThe art of nursing : _ba practical introduction / _cCarolyn Cooper. |
| 260 |
_aPhiladelphia : _bW.B. Saunders, _cc2001. |
||
| 300 | _axi, 268 p. ; | ||
| 650 | 0 | _aNursing. | |
| 650 | 0 | _aNurse and patient. | |
| 650 | 1 | 2 |
_aNursing Care _xmethods. |
| 650 | 2 | 2 | _aKnowledge. |
| 650 | 2 | 2 | _aNurse-Patient Relations. |
| 942 | _cBK | ||
| 999 |
_c2636 _d2636 |
||